Responses for Show #2162 - Tuesday, January 18, 1994

Contestants

[<< previous game]

David Kipen, a journalist from California

Dolores Kass, a New York City probation officer from Brooklyn, New York

Judy Weightman, a puzzle editor from Philadelphia, Pennsylvania (whose 3-day cash winnings total $46,000)

Jeopardy! Round responses

RIVERS
SILENT MOVIES
MEDICINE
BOOKS & AUTHORS
HOLIDAYS & OBSERVANCES
FILE UNDER "H"
    $100 26
the Amazon

David
    $100 8
The Sheik

Judy
    $100 21
caffeine

Dolores
    $100 1
the Bounty

Judy
    $100 6
Mardi Gras

Dolores
    $100 12
his hat

David
    $200 27
the Avon

Dolores
    $200 13
Tom Mix

David
    $200 22
a blood clot

Dolores
    $200 2
The Name of the Rose

David
    $200 7
Muhammad

David
    $200 16
to hound

David
    $300 28
(Dolores: What is the Aegean?)

the Adriatic

JudyDolores
    $300 14
Phantom of the Opera

Dolores
    $300 23
an earache

Dolores
    $300 3
(Judy: Graham Greene?)

Dashiell Hammett

JudyDavid
    $300 9
Veterans Day

Dolores
    $300 17
(Dolores: What is afternoon tea?)

high tea

JudyDolores
    $400 29
China

David
    $400 15
The Gold Rush

Judy
    $400 24
a knee

Dolores
    $400 4
Thomas Hardy

David
    $400 10
(Dolores: What is, uh, February 16th?)

February 12th

JudyDolores
    $400 18
Honduras

David
    $1,100 30
(David: What is the Susquehanna?)

the Allegheny

David
    $500 19
D.W. Griffith

David
    $500 25
(Alex: Well done in that medicine category!)
[Applause]

arthritis

Dolores
    $500 5
(Albert) Einstein

Judy
    $500 11
grandparents

Judy
    $500 20
histrionic

David

Scores at the first commercial break (after clue 15):

Judy Dolores David
$1,700 $300 $1,400

Scores at the end of the Jeopardy! Round:

Judy Dolores David
$2,300 $1,400 $2,400

Double Jeopardy! Round responses

COLONIAL AMERICA
SPORTS
RULERS
MUSIC
INVENTORS HALL OF FAME
SAUCES
    $200 23
William Penn

Dolores
    $200 1
the Chiefs

Judy
    $200 11
Genghis Khan

David
    $200 2
eight

Dolores
    $200 14
(David: What is natural childbirth?)
...
[Laughter]

the pill

JudyDavid
    $200 19
horseradish

Triple Stumper
    $400 24
New York

Dolores
    $400 3
Tommy Lasorda

David
    $400 12
Poland

Dolores
    $400 7
a flute

Judy
    $400 15
(John) Deere

Dolores
    $400 20
paprika

Judy
    $600 25
Georgia

Dolores
    $600 4
the Belmont

Dolores
    $600 13
Sri Lanka

Judy
    $600 8
the organ

David
    $600 16
(David: What is B12?)
...
(Alex: That's all right David, I loved your response a few minutes ago of "natural childbirth"; [Laughter] still delighted by that one.)

B2

David
Triple Stumper
    $600 21
soy sauce

Judy
    $2,000 26
Sir Walter Raleigh

Dolores
    $800 5
Oakland, California

Triple Stumper
    $1,500 28
(Judy: What is red-headed barbarian?)
(Alex: Well, you were on the right track.)

red beard

Judy
    $800 9
Moliere

Dolores
    $800 17
(David: Who is DuPont?)

Dow

David
Triple Stumper
    $800 22
bearnaise

Triple Stumper
    $1000 27
the Puritans

Judy
    $1000 6
speed skating

Judy
    $1000 29
Suleiman

David
    $1000 10
(Dolores: Um...)

Beethoven

DoloresDavid
    $1000 18
(Louis) Pasteur

Dolores
    $1000 30
bechamel

Triple Stumper

Scores at the end of the Double Jeopardy! Round:

Judy Dolores David
$5,200 $7,000 $4,000

[wagering suggestions for these scores]

Final Jeopardy! Round responses

COLLEGES & UNIVERSITIES
DavidWho was Amherst?
$3,001
JudyWho is Amherst?
$5,200
DoloresWho is Amherst?
$3,500
Amherst

Final scores:

Judy Dolores David
$10,400 $10,500 $7,001
2nd place: Zeos ColorNote & Dome home business software + Jeopardy! home game New champion: $10,500 3rd place: Panasonic fax machine + Jeopardy! home game

Game dynamics:

Coryat scores:

Judy Dolores David
$6,700 $5,800 $5,100
16 R,
2 W
(including 1 DD)
19 R
(including 1 DD),
4 W
17 R,
4 W
(including 1 DD)

Combined Coryat: $17,600

[game] [game scores] [suggest correction]

Game tape date: 1993-09-28
The J! Archive is created by fans, for fans. Scraping, republication, monetization, and malicious use prohibited; this site may use cookies and collect identifying information. See terms. The Jeopardy! game show and all elements thereof, including but not limited to copyright and trademark thereto, are the property of Jeopardy Productions, Inc. and are protected under law. This website is not affiliated with, sponsored by, or operated by Jeopardy Productions, Inc. Join the discussion at JBoard.tv.